MDQL
is popping MORE tags! Check the
thread
!
Quizzes
Events
Quiz Creation
Community
Videos
Private Events
Remove Ads
Sign In
Join for FREE
Feedback
Dark Mode
Quiz Categories
Sports
Geography
Music
Movies
Television
Just For Fun
Miscellaneous
History
Literature
Language
Science
Gaming
Entertainment
Religion
Holiday
For Kids
Quiz Lab
Recent
Popular Today
Quiz Kudos Today
Editor Picks
Curator Picks
Quizzes by...
Day
Popularity
Type
Ratings
Length
Year
Community
Subscriptions
Recent Discussions
Orange Saloon
Badges
Playlists
Quests
Create
Leaderboards
Showdown
Live 5
Trivia Bingo
Activity
Puzzle Library
Sporcle Events
Private Events
Virtual Trivia
Globe League
Become a Host
Pub Owners
SporcleCon
Opinionation
Our Games
Videos
Blog
Mobile Apps
Partnerships
Remove Ads and Go Orange
Feedback
Sports
Athletes
MLB
NBA
NHL
NFL
Soccer
Sports Teams
WWE
NCAA
Football
Premier League
Basketball
Baseball
Hockey
Golf
Tennis
Cricket
Rugby
Auto Racing
Olympics
World Cup
Sports
Athletes
MLB
NBA
NHL
NFL
Soccer
Sports Teams
WWE
NCAA
Football
Premier League
Basketball
Baseball
Hockey
Golf
Tennis
Cricket
Rugby
Auto Racing
Olympics
World Cup
Random Quiz
Search Sporcle
×
Quiz Lab
Quiz Lab
Sports
NBA
Type in answers that appear in a list
Type in answers that appear in a list
Classic
Best Score? Go Orange.
NBA TEAMS BY 1 BENCH PLAYER ON THAT TEAM Stats
Can you name the NBA TEAMS BY 1 BENCH PLAYER ON THAT TEAM?
By
melo77
5m
30 Questions
148 Plays
148 Plays
148 Plays
Comments
Comments
Give Quiz Kudos
Give Quiz Kudos
-
- Ratings
hide this ad
Forced Order
Answers have to be entered in order
Answers have to be entered in order
Random Order
Randomize order of answers
Randomize order of answers
Replay
Link that replays current quiz
Next Quiz
Link to next quiz in quiz playlist
You Got
0%
They Got
Avg Score
70%
Avg Friend Score
Upgrade to see
Score Distribution
Jump to the score distribution portion of the page
Score
0/30
Timer
05:00
0
Plays Today
Player
Team
% Correct
Vince Carter
Mavericks
88.5%
Derrick Favors
Jazz
84.5%
James Jones
Heat
84.5%
Jimmer Fredette
Kings
84.5%
Steve Blake
Lakers
83.8%
Robin Lopez
Suns
83.8%
Matt Bonner
Spurs
83.1%
Nicolas Batum
Trailblazers
81.1%
Kirk Hinrich
Hawks
80.4%
J.J Barea
Timberwolves
79.1%
Tristan Thompson
Cavaliers
76.4%
Jeff Foster
Pacers
75.7%
Steve Novak
Knicks
72.3%
Patrick Patterson
Rockets
70.9%
Chris Wilcox
Celtics
70.3%
Player
Team
% Correct
Reggie Evans
Clippers
70.3%
Cole Aldrich
Thunder
68.9%
Shawne Williams
Nets
68.2%
Kwame Brown
Warriors
66.9%
Von Wafer
Magic
66.9%
Byron Mullens
Bobcats
66.2%
Kosta Koufos
Nuggets
64.2%
Jimmy Butler
Bulls
61.5%
Josh Selby
Grizzlies
60.1%
Aaron Gray
Raptors
60.1%
Shelvin Mack
Wizards
56.1%
Xavier Henry
Hornets
55.4%
Tobias Harris
Bucks
54.7%
Lavoy Allen
76ers
54.1%
Vernon Macklin
Pistons
47.3%
Quiz Playlist
Details
Report
Send in Message
Add To Playlist
Classic:
Type in answers that appear in a list
Forced Order:
Answers have to be entered in order
Random Order:
Randomize order of answers
Quiz Source
Last Updated: Feb 16, 2017
Quiz Scoreboard
CHALLENGE
Sign Up to Join the Scoreboard
Show All
Scores
Hide
Comments
May contain spoilers
Recently Published
5x2 Blitz: Bands
by SL_Kpop136
Music
30s
Colored Red Africa Blitz
by spor1
Geography
30s
Find the 'City' Movie
by crazypaving
Movies
60s
More to Explore
Quiz From the Vault
Featured Blog Post
14 Easter Pick-up Lines to Find Eggs With
hide this ad
You Might Also Like...
Tags
Basketball Quiz
NBA Quiz
bench
Bench Player
Player
team
Today's Top Quizzes in Sports
Browse Sports
hide this ad
Today's Top Quizzes in NBA
Browse NBA
Top Contributed Quizzes in Sports
1
Les entraîneurs de l'OM et du PSG au 21e siècle
2
Les meilleurs buteurs des matchs entre le PSG et l’OM
3
Les joueurs passés par le PSG et l'OM
4
Players with Multiple 50 Home Run Seasons
5
2022 World Cup Stars
6
Criteria MLB: Left Handed Sluggers
7
NBA Logic Puzzle 2.0
8
MLB Players with Two .350 Batting Average Seasons
9
Top 10 NHL Goal Scorers of All Time
10
Les joueurs passés par le LOSC et le RC Lens
Explore More
Trending Topics
Kpop
Marvel
NBA
Disney
Crossword
Anime
Harry Potter
Song
Puzzle
Country
The Office
NFL
Soccer
Pokémon
WWE
hide this ad
More By:
melo77
Quiz
Plays
Rating
Category
Featured
Created
20 GREATEST NBA PLAYERS OF ALL TIME WITH NO MVP
422
3.00
Sports
Jan 30, 2012
NFL Greatest Defensive Lines of All-Time
363
2.60
Sports
Jan 30, 2012
TOP 3 NBA ROOKIES OF THE YEAR 1999-00 TO 2010-11
314
4.25
Sports
Feb 6, 2012
5 Best MLB Players at Each Position for 2012 Season
263
1.44
Sports
Feb 4, 2012
NBA TEAMS BY 1 BENCH PLAYER ON THAT TEAM
148
3.00
Sports
Feb 5, 2012
Go to Creator's Profile
Score Distribution
Quiz Creator Spotlight
melo77
Follow
Send a Message
Quizzes Created
-
Created Quiz Play Count
-
More By This Creator
Popular Quizzes Today
1
Colored Red Africa Blitz
2
Find the 'City' Movie
3
Find the US States - No Outlines Minefield
4
5x2 Blitz: Bands
5
The Countries of the World
6
Find the US States
7
US States
8
Find the Countries of Europe - No Outlines Minefield
More Sports Quizzes
Tennis Players Rainbow
Published
Trending Quizzes
Colored Red Europe Blitz I
Colored Red Africa Blitz II
Colored Red Europe Blitz II
Colored Red Europe Blitz III
Colored Red Africa Blitz III
Recently Updated
How Do You Spell That?
pecheneg
Godzilla Movies
pecheneg
Grab Bag: 4-10 Letters
pecheneg
2024 March Madness Bracket
pecheneg
Famous TV Couples
Peacemaker
Champions League XIs: Real Madrid
pecheneg
Largest US Cities 1790-2010
pecheneg
Rides in Walt Disney World
pecheneg
Most Oscar Losses (Acting)
pecheneg
Beyoncé Albums
pecheneg
Trending Topics
Kpop
NBA
Marvel
Crossword
Disney
Harry Potter
Anime
WWE
NFL
Puzzle
Soccer
Pokémon
Song
Country
The Office
Your Account Isn't Verified!
In order to create a playlist on Sporcle, you need to verify the email address you used during registration. Go to your
Sporcle Settings
to finish the process.
Report this User
Report this user for behavior that violates our
Community Guidelines
.
Details:
Send Report
Go to the Sporcle.com Mobile Site →
Comments